Seventy generationsof selection for oil and protein in maize

Uloženo v:
Podrobná bibliografie
Médium: Kniha
Jazyk:Undetermined
Vydáno: Wisconsin, USA Crop Science Society of America, Inc 1974
Témata:
Tagy: Přidat tag
Žádné tagy, Buďte první, kdo otaguje tento záznam!
Thư viện lưu trữ: Trung tâm Học liệu Trường Đại học Cần Thơ
LEADER 00478nam a2200157Ia 4500
001 CTU_38611
008 210402s9999 xx 000 0 und d
082 |a 633.15 
082 |b S497 
245 0 |a Seventy generationsof selection for oil and protein in maize 
260 |a Wisconsin, USA 
260 |b Crop Science Society of America, Inc 
260 |c 1974 
650 |a corn,corn - genetics 
904 |i Liên, 990525 
980 |a Trung tâm Học liệu Trường Đại học Cần Thơ